000 00600nam a22001817a 4500
005 20251108173110.0
008 250721s2005 xx 000 0 ara d
082 1 4 _a307.7209564/ عثم
100 1 _aعثمان، إبراهيم عيسى
245 1 0 _aالحياة الإجتماعية في قرية عربية فلسطينية :نموذج قرية بيت صفافا /
264 1 _aعمان :
_bدار الشروق للنشر،
_c2005.
300 _a127ص.
650 1 7 _aالمجتمعات
650 1 7 _aالريف
650 1 7 _aعلم الإجتماع
942 _2ddc
_cBK
999 _c96003
_d96003